Implementácia modelu cirkulárnej ekonomiky v malých a stredných podnikoch pôsobiacich na zahraničných trhoch bakalárska práca

Salvato in:
Dettagli Bibliografici
Autore principale: Michálková, Zuzana
Ente Autore: Obchodná fakulta EU. Katedra medzinárodného obchodu
Altri autori: Palušková, Hana
Natura: Libro
Lingua:slovacco
Pubblicazione: Bratislava 2021
Tags: Aggiungi Tag
Nessun Tag, puoi essere il primo ad aggiungerne!!

MARC

LEADER 00000nbm a2200000 4500
001 0275921
005 20220209124645.1
041 0 |a slo 
044 |a SK 
245 1 0 |a Implementácia modelu cirkulárnej ekonomiky v malých a stredných podnikoch pôsobiacich na zahraničných trhoch  |b bakalárska práca  |c Zuzana Michálková ; školiteľ: Hana Palušková 
264 1 |a Bratislava  |c 2021 
300 |a 50 s. 
100 1 |a Michálková, Zuzana 
700 1 |a Palušková, Hana 
710 2 |a Obchodná fakulta EU. Katedra medzinárodného obchodu